Assembly of waves / (Record no. 56860)

MARC details
000 -LEADER
fixed length control field 00799nam a22002417a 4500
005 - DATE AND TIME OF LATEST TRANSACTION
control field 2011092208438.0
008 - FIXED-LENGTH DATA ELEMENTS--GENERAL INFORMATION
fixed length control field 110922t xxu||||| |||| 00| 0 eng d
010 ## - LCCN (DPL NO)
LC control number ENG-103753
020 ## - INTERNATIONAL STANDARD BOOK NUMBER
Terms of availability 100.00
035 ## - SYSTEM CONTROL NUMBER
System control number EN-87286
037 ## - SOURCE OF ACQUISITION
Source of stock number/acquisition DBAD/PUB
040 ## - CATALOGING SOURCE
Original cataloging agency DPL
Language of cataloging Eng
082 ## - DEWEY DECIMAL CLASSIFICATION NUMBER
Classification number 881
100 ## - MAIN ENTRY--PERSONAL NAME
9 (RLIN) 34730
Personal name Vasa Prabhavati
245 ## - TITLE STATEMENT
Title Assembly of waves /
Statement of responsibility, etc by Vasa Prabhavati ; translated by Swatee Sripada
260 ## - PUBLICATION, DISTRIBUTION, ETC. (IMPRINT)
Place of publication, distribution, etc Hyderabad
Name of publisher, distributor, etc Author
Date of publication, distribution, etc 2009
270 ## - ADDRESS
Address "Vasa Nilayam". 11/2 RT, Municipal Colony, Malakpet
City Hyderabad
Postal code 500036
300 ## - PHYSICAL DESCRIPTION
Extent 67p.
Dimensions 22cm (pbk)
650 ## - SUBJECT ADDED ENTRY--TOPICAL TERM
9 (RLIN) 34754
700 ## - ADDED ENTRY--PERSONAL NAME
9 (RLIN) 34731
Personal name Sripada, Swatee
942 ## - ADDED ENTRY ELEMENTS (KOHA)
Source of classification or shelving scheme Dewey Decimal Classification
Item type English Books
Call number suffix VAS
Classification part 881
Holdings
Withdrawn status Lost status Source of classification or shelving scheme Damaged status Not for loan Collection code Home library Current library Date acquired Source of acquisition Cost, normal purchase price Total Checkouts Full call number Barcode Date last seen Copy number Cost, replacement price Koha item type
    Dewey Decimal Classification   Not For Loan Non-fiction D.B.Act.Division D.B.Act.Division 22/09/2011 DBAD/PUB 100.00   881 VAS EN-87286 22/09/2011 1 100.00 English Books

© Delhi Public Library
Hit Counter
free hit counter